Central-Library-PUMHS

Online Public Access Catalogue

Welcome to PUMHS Central Library Nawabshah, SBA

Basis of Pediatrics (Record no. 37887)

000 -LEADER
fixed length control field 00268nam a22001337a 4500
082 ## - DEWEY DECIMAL CLASSIFICATION NUMBER
Classification number 618.92 PER
100 ## - MAIN ENTRY--AUTHOR NAME
Personal name Khan Pervez Akbar
245 ## - TITLE STATEMENT
Title Basis of Pediatrics
250 ## - EDITION STATEMENT
Edition statement 11th Edition
260 ## - PUBLICATION, DISTRIBUTION, ETC. (IMPRINT)
Year of publication 2024
300 ## - PHYSICAL DESCRIPTION
Number of Pages 463
650 ## - SUBJECT ADDED ENTRY--TOPICAL TERM
Topical Term Pediatrics
942 ## - ADDED ENTRY ELEMENTS (KOHA)
Koha item type Books
Holdings
Withdrawn status Lost status Permanent Location Current Location Shelving location Date acquired Source of acquisition Cost, normal purchase price Full call number Accession Number Koha item type
    Central Library New Campus PUMHS Nawabshah,(SBA) Central Library New Campus PUMHS Nawabshah,(SBA) Pediatrics 2026-03-05 M/S Allied Bill No:A-25050055 Date:13-05-25 1695.75 618.92 PER 41177 Ref Books
    Central Library New Campus PUMHS Nawabshah,(SBA) Central Library New Campus PUMHS Nawabshah,(SBA) Pediatrics 2026-03-05 M/S Allied Bill No:A-25050055 Date:13-05-25 1695.75 618.92 PER 41178 Ref Books

Copyright © 2018,The PUMHSW, Nawabshah, Shaheed Benazirabad. All rights reserved
Mr. Abdul Sattar Mahar (Chief Librarian) PUMHSW, Nawabshah, Sindh, Pakistan 67480.
Ph#: | 0244-9370425 Ext. 2241 Email| librarian@pumhs.edu.pk Web| http://www.pumhs.edu.pk
سنڌي ڪي بورڊ